Movies Quiz

Random Movies or Letter Quiz

One Word 'W,' 'X,' 'Y,' and 'Z' Movies Quiz Stats

 Plays Quiz Updated May 12, 2019

Score 0/25 Timer 08:00
2 Plays Today
% Correct
Zoolander
88.8%
Wimbledon
83%
Waterworld
81.2%
Zombieland
80.3%
xXx
75.2%
Zookeeper
66.8%
Yentl
62.2%
WarGames
62%
Wanted
55.5%
Xanadu
54.5%
Wolf
53.6%
Whiplash
53.2%
Witness
52.3%
% Correct
Zodiac
51.9%
Willow
51.8%
Watchmen
51.3%
Waitress
47.6%
Westworld
40.9%
Zulu
40.6%
Warrior
37%
Waiting...
33%
Zathura
30.5%
Windtalkers
28.2%
Wanderlust
25.9%
Zelig
18.1%

You're not logged in!

Compare scores with friends on all Sporcle quizzes.
OR
Log In

Show Comments

Extras

Top Quizzes Today


Score Distribution

Your Account Isn't Verified!

In order to create a playlist on Sporcle, you need to verify the email address you used during registration. Go to your Sporcle Settings to finish the process.

Report this User

Report this user for behavior that violates our Community Guidelines.

Details: